| 000 | 01227cam a2200361 i 4500 | ||
|---|---|---|---|
| 001 | 200452218 | ||
| 999 |
_c200452218 _d70430 |
||
| 003 | TR-AnTOB | ||
| 005 | 20260327113107.0 | ||
| 007 | ta | ||
| 008 | 211214t20212021tu 000 f tur d | ||
| 020 | _a9786257027212 | ||
| 040 |
_aISIKU _beng _erda _cISIKU _dTR-AnTOB |
||
| 041 | 1 |
_atur _heng |
|
| 050 | 1 | 4 |
_aPG3476.U675 _bS8719 2021 |
| 090 |
_aPG3476.U675 _bS8719 2021 |
||
| 100 | 1 |
_aUspenskiĭ, P. D. _d1878-1947 _q(Petr Demʹi︠a︡novich) _eauthor _9141144 |
|
| 240 | 1 | 0 |
_aStrange life of Ivan Osokin. _lTurkish. |
| 245 | 1 | 0 |
_aIvan Osokin'in tuhaf hayatı / _cP. D. Uspenski ; çeviren: Ekin Uşşaklı ; editör: Suat Kemal Angı. |
| 250 | _a1. Baskı: Kasım 2021, İstanbul | ||
| 264 | 1 |
_aİstanbul : _bOlvido Kitap, _c2021. |
|
| 264 | 4 | _c©2021 | |
| 300 |
_a182 pages ; _c20 cm |
||
| 336 |
_atext _btxt _2rdacontent |
||
| 337 |
_aunmediated _bn _2rdamedia |
||
| 338 |
_avolume _2rdacarrier _bnc |
||
| 650 | 0 |
_aGenç erkekler _vRoman _9122700 |
|
| 650 | 0 |
_aBüyücüler _vRoman _9122395 |
|
| 650 | 0 |
_aRus romanı _916149 |
|
| 700 | 1 |
_aUşşaklı, Ekin, _d1978- _etranslator _9141145 |
|
| 700 | 1 |
_aAngı, Suat Kemal _eeditor _9141146 |
|
| 942 |
_2lcc _cBK |
||